Guess the Taylor Swift Song - Statistics

General Stats
  • This quiz has been taken 4,099 times
  • The average score is 98 of 188
Answer Stats
Hint Answer % Correct
Baby, I'm just gonna shake, shake, shake, shake, shake, I ______ Shake It Off
80%
But I've got a ______ , baby / And I'll write your name Blank Space
78%
I like shiny things but I'd marry you with ______ Paper Rings
78%
All I can say is I was ______ to meet you Enchanted
77%
______ is a cat / Purring in my lap 'cause it loves me Karma
77%
It's a ______ , baby, just say "yes" Love Story
77%
'Cause baby, now we got ______ Bad Blood
76%
He was sunshine / I was ______ Midnight Rain
76%
Can I ask you a ______ ? Question...?
76%
'Cause if I was a man / Then I'd be ______ The Man
76%
I remember it ______ All Too Well
75%
It must be exhausting always rooting for the ______ Anti-Hero
75%
When I felt like I was an old ______ under someone's bed cardigan
75%
Say you'll see me again / Even if it's just in your / ______ Wildest Dreams
75%
Been here all along, so why can't you see / ______ You Belong With Me
74%
Best believe I'm still ______ / When I walk in the room Bejeweled
73%
Only bought this ______ so you could take it off Dress
73%
You're so ______ / I can't say anything to your face Gorgeous
73%
You are the best thing that's ever been ______ Mine
73%
We never go out of ______ Style
73%
I don't dress for villains / Or for innocents / I'm on my ______ again Vigilante Shit
73%
______ / You're being too loud You Need To Calm Down
73%
______ slipped away into a moment in time august
71%
I think I am finally ______ Clean
71%
I'd never walk ______ again Cornelia Street
71%
Why you gotta be so ______ ? Mean
71%
Cursing my name / Wishing I'd stayed / Look at how ______ my tears ricochet
71%
You take my hand and drag me head first / ______ Fearless
70%
All along there was some / ______ / Tying you to me invisible string
70%
You know I love a ______ , I enjoy nights in Brixton London Boy
70%
I check it once, then I check it twice, oh! / Ooh, ______ Look What You Made Me Do
70%
You're my, my, my, my... / ______ Lover
70%
The blood rushed into my cheeks / So scarlet, it was ______ Maroon
70%
______ is the slamming screen doors Our Song
70%
But ______ / Like, ever We Are Never Ever Getting Back Together
70%
______ , love made me crazy Don't Blame Me
69%
Hello, ______ / How's your heart after breaking mine ? Mr. Perfectly Fine
69%
"I'm sorry for that night" / And I go ______ all the time Back to December
67%
I wanna be your ______ / I wanna be your first string End Game
67%
No, nothing good starts in a ______ Getaway Car
67%
They say ______ / Then why's it feel so good ? I Did Something Bad
67%
I'll be cleaning up bottles with you on ______ New Year's Day
67%
Take me to ______ , where all the poets went to die the lakes
67%
Life was a ______ and it bent right to your wind willow
67%
That's the thing about ______ / And clandestine meetings illicit affairs
66%
Now it's like ______ / Weird, but fuckin' beautiful Snow On The Beach
66%
It would've been fun / If you would've been ______ the 1
66%
I've been ______ / I've been the prey The Archer
66%
Is it too soon to do this yet ? 'Cause I know that it's ______ Delicate
65%
And that's how it works / That's ______ How You Get the Girl
65%
"There goes ______" / Who knows, if she never showed up what could've been the last great american dynasty
65%
I know my love should be celebrated / But you ______ tolerate it
65%
But we were dancing / ______ Dancing With Our Hands Tied
64%
My house of stone, your ______ grows / And now I'm covered in you ivy
64%
I'm a ______ / I'll show you every version of yourself mirrorball
64%
It's you and me, there's nothing like this / ______ Miss Americana & The Heartbreak Prince
64%
Baby, we're the ______ / The best people in life are free New Romantics
64%
As far as I'm concerned you're / Just another ______ Picture to Burn
64%
But moving on from him is impossible when I still see it all in my head in burning ______ Red
64%
I've been sleeping so long in a twenty-year dark night / And now I see ______ Daylight
63%
I know I'm gonna be with you, so I'll take my time / Are you ______ ? ...Ready For It?
63%
I promise that nobody's gonna love you like / ______ ME!
62%
We just keep dancing like we're ______ 22
61%
But on a Wednesday in a cafe / I watched it ______ Begin Again
61%
You won't remember all my / ______ champagne problems
61%
We found ______ / You and I got lost in it Wonderland
61%
He's the reason for the ______ Teardrops On My Guitar
60%
When you think ______ / I hope you think of me Tim McGraw
60%
I was screaming "______ all the magic we made" Long Live
59%
No one likes a ______ / You made her like that mad woman
59%
And ______ looks a lot like a tragedy now The Story of Us
59%
But I just miss you and I just wish you were a ______ Better Man
58%
Walking with his head down / I'm the one he's walking to / So ______ Call It What You Want
58%
'Cause I, ______ we can hide I Know Places
57%
Oh, I'm just a girl / Trying to find ______ A Place In This World
56%
I'm on a bench in ______ , wondering where did my baby go ? coney island
56%
Oh, who you are is not where you've been / You're still an ______ Innocent
56%
'Cause I see ______ whenever you smile Sparks Fly
56%
But I know I had ______ with you today The Best Day
56%
My hand was the one you reached for / All throughout ______ The Great War
56%
______ / It's been waiting for you Welcome to New York
56%
Now it's too late for you and your ______ to come around White Horse
56%
Why would you wanna break ______ ? A Perfectly Good Heart
55%
Now I'm in ______ seeing you out exile
55%
It must be counterfeit / I think there's been a ______ Glitch
55%
There'll be ______ after you / But there was ______ because of you happiness
55%
And all at once, you are the one I have been waiting for / ______ King of My Heart
55%
Watched as you signed your name ______ marjorie
55%
I was taken by the view / Like we were in ______ Paris
55%
Would it be enough / If I could never give you ______ ? peace
55%
I hit my peak at ______ seven
55%
Saying goodbye is ______ Death By A Thousand Cuts
54%
This pain would be for / ______ evermore
54%
You can see it with the lights out, lights out / ______ You Are In Love
54%
Meet me in the ______ Afterglow
53%
You were ______ / You were more than just a short time Bigger Than The Whole Sky
53%
Are we ______ yet ? Out of the Woods
53%
Everybody wants you / And I don't like a ______ gold rush
52%
______ , I survived long story short
52%
There is nothing I do ______ Better Than Revenge
51%
Hey ______ / Do you ever stop and think about me ? dorothea
51%
The alter is my hips / Even if it's a ______ False God
51%
I feel the ______ creeping up on me Lavender Haze
51%
______ / But I ain't letting up until the day I die no body, no crime
51%
It's a ______ / It's cool, that's what I tell 'em Cruel Summer
50%
______ / You always have been You're On Your Own, Kid
50%
And I can't ______ without you, but I have to Breathe
49%
______ , I see it all now that you're gone Dear John
49%
And when you're ______ / Feeling like there's nothing to figure out Fifteen
49%
______ / And I thought it would kill me, but it didn't I Forgot That You Existed
49%
A ______ is all I can do / Standing here hoping it gets to you Message In A Bottle
49%
Can't turn back now, I'm ______ Haunted
48%
Your faithless love's the only ______ / I believe in hoax
48%
This is the last time I'll ever call you , ______ Babe
47%
All I know since yesterday / Is ______ Everything Has Changed
47%
And right there where we stood / Was ______ Holy Ground
47%
Yeah, all you did was smile / 'Cause I'm a ______ Mastermind
47%
The stakes are high, the water's rough / But this love is ______ Ours
47%
I know that it's over / I don't need your "______" closure
46%
Don't look at me, you got a ______ Girl At Home
46%
And I hope you know that / Every time I don't / ______ I Almost Do
46%
And will you still want me / When I'm ______ ? Nothing New
46%
And we were dancing, dancing / Like we're made of ______ Starlight
46%
Did you think I wouldn't hear all the things you said about me ? / ______ This Is Why We Can't Have Nice Things
46%
This slope is ______ Treacherous
46%
Only twenty minutes to sleep / But you dream of some ______ epiphany
45%
I never thought we'd have a ______ Last Kiss
45%
Wages earned and lessons learned / But I'm ______ right where you left me
45%
Come on, baby, with me / We're gonna fly away from here / You were my best four years Ronan
45%
What a ______ love affair Sad Beautiful Tragic
45%
And I watch ______ fly away Superman
45%
And I never knew I could feel that much / And that's ______ The Way I Loved You
45%
I don't wanna miss you like this / ______ Come Back...Be Here
44%
'Cause I was there when you said ______ Forever & Always
44%
When you realized I'm harder to forget / Than I was to leave / And ______ I Bet You Think About Me
44%
______ / Put on your records and regret me High Infidelity
43%
And ______ , like you'd ______ from the law Run
43%
Movin' on was always easy for me to do / It ______ Hits Different
42%
You're a crisis of my faith / ______ / If I'd only played it safe Would've, Could've, Should've
42%
'Cause these things will ______ / Can you feel it now ? Change
41%
I just wanted you to know / That ______ this is me trying
41%
'Cause ______ when you walked in I Knew You Were Trouble
40%
Lost in the ______ of my mind Labyrinth
40%
This is a ______ / This is the worthwhile fight State Of Grace
40%
I miss you like it was ______ The Very First Night
40%
I'll be summer sun for you forever / ______ if you go Forever Winter
39%
Getting caught up in a moment / Lipstick on your face / ______ So It Goes...
39%
I've never been anywhere ______ Cold As You
38%
We could be a beautiful miracle, unbelievable / Instead of just ______ Invisible
38%
Your time is running out / And they said, "______" Speak Now
38%
All that you ever wanted from me was ______ Sweet Nothing
38%
There was one thing missing / And that was ______ The Moment I Knew
38%
You ______ , baby, and you might still have me Should've Said No
37%
You're a ______ / Perched in the dark cowboy like me
36%
The snaps from the same little breaks / In my soul / I know / When ______ it's time to go
36%
And they'll tell you now / You're ______ The Lucky One
36%
But no amount of freedom gets you clean / I've still got ______ You All Over Me
36%
But ______ you'd be here by now If This Was a Movie
35%
This is ______ I'm asking you why The Last Time
35%
______ / Write this down 'tis the damn season
35%
Well, could've been easy / _______ All You Had To Do Was Stay
34%
I know all I need / Is on ______ The Other Side Of The Door
34%
______ / When you aim at the devil / Make sure you don't miss Dear Reader
33%
______ he better lock it down / Or I won't stick around I Think He Knows
31%
______ is glowing in the dark This Love
31%
______ , I know where it all went wrong betty
29%
And no one will desert you / Just try to ______ Never Grow Up
29%
I love you because you have given me no choice but to / ______ Stay Stay Stay
28%
And you're ______ / But you're coming undone, oh Tied Together With a Smile
28%
Just know I'm right here hoping / That you'll ______ Come In With The Rain
27%
It makes you turn right back around / ______ come back I Wish You Would
27%
I've been a lot of lonely places / I've never been on ______ The Outside
27%
But I don't believe you, baby / Like I did before / ______ You're Not Sorry
27%
______ smile at me and ask me how I've been Don't You
26%
I hope your life leads you back to my door / Oh, but if it don't / ______ Stay Beautiful
26%
There's not a day that I won't try / And I say to you / Ooh-ah, ______ Soon You'll Get Better
25%
And I know that you see what you're doing to me / ______ Tell Me Why
25%
Just two kids, you and I / ______ Mary's Song (Oh My My My)
24%
Give me a photograph to hang on my wall / ______ Superstar
24%
______ , boy, you might have me believing Hey Stephen
22%
Something gave you the nerve / To touch my hand / ______ It's Nice To Have A Friend
22%
______ burning brighter than the sun Untouchable
21%
'Cause I'ma stay through it all so ______ Jump Then Fall
20%
'Cause you took me home, but you just couldn't keep me / ______ Bye Bye Baby
19%
What I feel is true / And ______ I'm Only Me When I'm With You
16%
And ______ , I'll be waiting at the front gate That's When
15%
Nothing made sense till the time I saw your face / ______ Today Was A Fairytale
14%
And goodbye's so much harder / 'Cause ______ We Were Happy
14%
No matching quizzes found
Score Distribution
Percent of People with Each Score
Percentile by Number Answered
Your Score History
You have not taken this quiz